Historia de los ferrocarriles argentinos

I tiakina i:
Ngā taipitopito rārangi puna kōrero
Ngā kaituhi matua: Vassallo Rojas, Emilio (Author), Matus Gutiérrez, Carlos (Author)
Hōputu: Pukapuka
Reo:Pāniora
I whakaputaina: Santiago, Chile Ferrocarriles del Estado 1947
Ngā marau:
Ngā Tūtohu: Tāpirihia he Tūtohu
Kāore He Tūtohu, Me noho koe te mea tuatahi ki te tūtohu i tēnei pūkete!

MARC

LEADER 00000nam a2200000 a 4500
001 UCO3183
003 CL-VaPUC
005 20210604103344.0
008 000714e19470000CL |||||||||||||||||spa|d
999 |c 289653  |d 289651 
040 |c Pontificia Universidad Católica de Valparaíso 
082 0 4 |a 385.0982 VAS 1947  |2 21 
100 0 |a Vassallo Rojas, Emilio  |e author  |9 447100 
245 1 0 |a Historia de los ferrocarriles argentinos 
260 |a Santiago, Chile  |b Ferrocarriles del Estado  |c 1947 
300 |a 516 páginas 
583 |a last modification  |c 20000714 00:00:00  |k Rodrigo Vera 
650 0 |a Ferrocarriles  |x Historia   |9 314724 
650 0 |a Transporte Ferroviario  |9 353259 
651 0 |a Chile  |2 CL-VaPUC  |9 254862 
700 0 |a Matus Gutiérrez, Carlos  |e author  |9 447101 
852 |a BIBCUR 
942 |c BK  |2 ddc 
945 |d 20000714 00:00:00  |a rherrera 
952 |0 0  |1 0  |2 ddc  |4 0  |6 385_098200000000000_VAS_1947  |7 0  |8 X  |9 338227  |a BIBHIS  |b BIBHIS  |d 2019-11-20  |i 1299956  |o 385.0982 VAS 1947  |p 1299956  |r 2024-01-30  |t 1  |w 2019-11-20  |y BK_X  |k HIS